Jurisprudencia de la nulidad absoluta y relativa
Պահպանված է:
| Ձևաչափ: | Գիրք |
|---|---|
| Լեզու: | իսպաներեն |
| Հրապարակվել է: |
Santiago
Thomson Reuters Puntolex
2010
|
| Խորագրեր: | |
| Ցուցիչներ: |
Ավելացրեք ցուցիչ
Չկան պիտակներ, Եղեք առաջինը, ով նշում է այս գրառումը!
|
MARC
| LEADER | 00000nam a2200000 a 4500 | ||
|---|---|---|---|
| 001 | UCG3845 | ||
| 003 | CL-VaPUC | ||
| 008 | 100916e20100813CL |||||||||||||||||spa|d | ||
| 020 | |a 9789563370423 | ||
| 082 | 0 | 4 | |a 346.01665 |b JUR |2 21 |
| 245 | 1 | 0 | |a Jurisprudencia de la nulidad absoluta y relativa |
| 300 | |a 406 p | ||
| 942 | |c BK | ||
| 945 | |d 20100916 00:00:00 |a mfarfan | ||
| 260 | |a Santiago |b Thomson Reuters Puntolex |c 2010 | ||
| 650 | 0 | |a Derecho de familia |9 255603 | |
| 650 | 0 | |a Nulidad |9 256755 | |
| 650 | 7 | |a MATRIMONIO |2 CL-VaPUC |9 553158 | |
| 583 | |a last modification |c 20100916 00:00:00 |k Rodrigo Vera | ||
| 999 | |c 342816 |d 342814 | ||
| 952 | |0 0 |1 0 |4 0 |6 346_016650000000000_JUR_2010 |7 0 |8 A |9 439369 |a BIBDER |b BIBDER |d 2019-11-22 |i 4720261 |l 2 |m 1 |o 346.01665 JUR 2010 |p 4720261 |r 2025-04-14 |s 2025-04-03 |w 2019-11-22 |y BK |k DER | ||